Technicko-ekonomicko-environmentálna optimalizácia prevádzky mestskej vykurovacej siete

Salvato in:
Dettagli Bibliografici
Autore principale: Polák, Ondrej (Autore)
Altri autori: Variny, Miroslav (Relatore della tesi)
Natura: Manoscritto Libro
Lingua:slovacco
Pubblicazione: 2024
Soggetti:
Accesso online:http://is.stuba.sk/zp/portal_zp.pl?podrobnosti=179078
Tags: Aggiungi Tag
Nessun Tag, puoi essere il primo ad aggiungerne!!

MARC

LEADER 00000ntm a22000003a 4500
001 stuzp99214
003 SK-STU
005 20240601210521.8
007 ta
008 150427s2015----xo-----f-mn---000-0-slo-d
040 |a STU  |b slo 
041 0 |a slo 
100 1 |a Polák, Ondrej  |u 046230  |4 aut  |U FCHPT Ústav chemického a environmentálneho inžinierstva  |T FCHPT Oddelenie chemického a biochemického inžinierstva  |X 97430  |U C6230  |Y 119  |7 97430 
242 0 1 |a Techno-Economic-Environmental Optimization of a District Heating Network  |y eng 
245 1 0 |a Technicko-ekonomicko-environmentálna optimalizácia prevádzky mestskej vykurovacej siete 
260 |c 2024 
650 4 |a mestská vykurovacia sieť  |2 slo 
650 4 |a izolácia  |2 slo 
650 4 |a teplo  |2 slo 
650 4 |a straty tepla  |2 slo 
650 4 |a modelovanie  |2 slo 
650 4 |a návratnosť  |2 slo 
650 4 |a district heating network  |2 eng 
650 4 |a modeling  |2 eng 
650 4 |a heat  |2 eng 
650 4 |a insulation  |2 eng 
650 4 |a heat loss  |2 eng 
650 4 |a return of investment  |2 eng 
700 1 |a Variny, Miroslav  |u 046230  |k Z1  |4 ths  |U FCHPT Ústav chemického a environmentálneho inžinierstva  |T FCHPT Oddelenie chemického a biochemického inžinierstva  |X 25916  |U C6230  |Y 119  |7 A000025916 
856 4 |u http://is.stuba.sk/zp/portal_zp.pl?podrobnosti=179078